[Event "Ct. Girona indiv. Absolut"]
[Site "Sant Gregori/Girona/Blanes"]
[Date "2014.11.02"]
[Round "5"]
[White "Castillo Fernandez, C."]
[Black "Granados Aguilera, C."]
[Result "1/2-1/2"]
[WhiteElo "2243"]
[BlackElo "2038"]
[PlyCount "66"]
[EventDate "2014.??.??"]
[EventType "swiss"]
[EventRounds "9"]
[EventCountry "ESP"]

1. Nf3 Nf6 2. g3 d5 3. Bg2 e6 4. O-O Be7 5. d4 O-O 6. c4 c5 7. cxd5 exd5 8.
dxc5 Bxc5 9. Nc3 Nc6 10. Bg5 d4 11. Ne4 Be7 12. Bxf6 Bxf6 13. Rc1 Re8 14. Nc5
Qb6 15. Qd2 Bf5 16. Ne1 Rac8 17. Ned3 Bxd3 18. exd3 Ne5 19. Nxb7 Rb8 20. Na5
Qxb2 21. Rc2 Qb5 22. Nc6 Rbc8 23. Re1 Nxd3 24. Rxe8+ Rxe8 25. Bf1 Re1 26. Qxe1
Nxe1 27. Bxb5 Nxc2 28. Nxa7 Nb4 29. a4 Kf8 30. Kf1 Be5 31. Ke2 Ke7 32. Nc6+
Nxc6 33. Bxc6 Bc7 1/2-1/2

[Event "Ct. Girona indiv. Absolut"]
[Site "Sant Gregori/Girona/Blanes"]
[Date "2014.11.02"]
[Round "5"]
[White "Diaz Muñoz, S."]
[Black "Gonzalez Escudero, J."]
[Result "1-0"]
[WhiteElo "2172"]
[BlackElo "1992"]
[PlyCount "54"]
[EventDate "2014.??.??"]
[EventType "swiss"]
[EventRounds "9"]
[EventCountry "ESP"]

1. e4 e5 2. Nf3 Nc6 3. d4 exd4 4. Nxd4 Nf6 5. Nxc6 bxc6 6. e5 Qe7 7. Qe2 Nd5 8.
c4 Ba6 9. Qe4 Nb4 10. Nc3 Rd8 11. Bf4 d5 12. Qb1 dxc4 13. h3 Nd3+ 14. Bxd3 cxd3
15. O-O g5 16. Ne4 Bg7 17. Bxg5 Qe6 18. Nc5 Qc4 19. Nxa6 Qxa6 20. Bxd8 Kxd8 21.
Rd1 Bxe5 22. Qxd3+ Qxd3 23. Rxd3+ Kc8 24. Rb1 Rg8 25. a3 Bd6 26. a4 Rg5 27. Rc1
Rd5 1-0

[Event "Ct. Girona indiv. Absolut"]
[Site "Sant Gregori/Girona/Blanes"]
[Date "2014.11.02"]
[Round "5"]
[White "Fernandez Alsina, D."]
[Black "Alejo Alvarez, R."]
[Result "0-1"]
[WhiteElo "1862"]
[BlackElo "2124"]
[PlyCount "78"]
[EventDate "2014.??.??"]
[EventType "swiss"]
[EventRounds "9"]
[EventCountry "ESP"]

1. e4 g6 2. g3 d6 3. d4 Bg7 4. Be3 c5 5. Bg2 Nc6 6. c3 cxd4 7. cxd4 Qb6 8. Ne2
Qxb2 9. Nbc3 Nf6 10. O-O O-O 11. a3 Ng4 12. Qd3 Qb6 13. Rab1 Qd8 14. Rb2 Nxe3
15. fxe3 Rb8 16. Rfb1 b6 17. Nf4 e5 18. Nfe2 exd4 19. exd4 Na5 20. d5 Bg4 21.
Bf3 Bxf3 22. Qxf3 Nc4 23. Ra2 Ne5 24. Qe3 Rc8 25. Rc1 Qd7 26. Nd1 Qa4 27. Nf2
Nc4 28. Qd3 Bh6 29. Rc3 Ne5 30. Qb1 Rxc3 31. Nxc3 Qd7 32. Kg2 Be3 33. Ncd1 Bc5
34. Qc1 Qa4 35. Nc3 Qc4 36. Rc2 Bxf2 37. Rxf2 Nd3 38. Qf1 Qxc3 39. Rf3 Ne1+ 0-1

[Event "Ct. Girona indiv. Absolut"]
[Site "Sant Gregori/Girona/Blanes"]
[Date "2014.11.02"]
[Round "5"]
[White "Huici Bentue, D."]
[Black "Rodriguez Navarro, I."]
[Result "0-1"]
[WhiteElo "2148"]
[BlackElo "1878"]
[PlyCount "48"]
[EventDate "2014.??.??"]
[EventType "swiss"]
[EventRounds "9"]
[EventCountry "ESP"]

1. e4 e6 2. d4 d5 3. Nd2 dxe4 4. Nxe4 Nf6 5. Nxf6+ Qxf6 6. Nf3 h6 7. c4 Bb4+ 8.
Bd2 Bxd2+ 9. Qxd2 b6 10. Be2 Bb7 11. O-O Nd7 12. Qb4 Bxf3 13. Bxf3 Rd8 14. Bc6
Qe7 15. Qa4 a5 16. Rae1 O-O 17. d5 e5 18. Re3 Nc5 19. Qc2 f5 20. Rfe1 e4 21. a3
Qf6 22. b4 Nd3 23. Rxd3 exd3 24. Qxd3 Qxc6 0-1

[Event "Ct. Girona indiv. Absolut"]
[Site "Sant Gregori/Girona/Blanes"]
[Date "2014.11.02"]
[Round "5"]
[White "Massaguer Soles, F."]
[Black "Salagran Ferragut, G."]
[Result "0-1"]
[WhiteElo "1926"]
[BlackElo "2168"]
[PlyCount "68"]
[EventDate "2014.??.??"]
[EventType "swiss"]
[EventRounds "9"]
[EventCountry "ESP"]

1. e4 c5 2. c4 Nc6 3. Nf3 d6 4. Nc3 e5 5. Be2 g6 6. d3 Bg7 7. O-O Nge7 8. a3
O-O 9. Bd2 f5 10. Kh1 f4 11. Nd5 Nxd5 12. cxd5 Ne7 13. Ng1 b6 14. g3 g5 15. Bg4
Ba6 16. Nf3 Ng6 17. Bc3 Bc8 18. Bh5 g4 19. Bxg6 hxg6 20. Ng1 f3 21. Qc1 Kf7 22.
Qd1 Rh8 23. Nxf3 gxf3 24. Qxf3+ Qf6 25. Qxf6+ Bxf6 26. f4 Kg7 27. fxe5 Bxe5 28.
Bxe5+ dxe5 29. Rac1 Ba6 30. Rf3 Raf8 31. Rcf1 Bxd3 32. Rxd3 Rxf1+ 33. Kg2 Rb1
34. b3 Rb2+ 0-1

[Event "Ct. Girona indiv. Absolut"]
[Site "Sant Gregori/Girona/Blanes"]
[Date "2014.11.02"]
[Round "5"]
[White "Mestres Ramon, P."]
[Black "Molina Carretero, D."]
[Result "0-1"]
[WhiteElo "2000"]
[BlackElo "2217"]
[PlyCount "90"]
[EventDate "2014.??.??"]
[EventType "swiss"]
[EventRounds "9"]
[EventCountry "ESP"]

1. d4 Nf6 2. Bg5 e6 3. Nd2 d5 4. e3 Be7 5. Bd3 O-O 6. Ngf3 b6 7. O-O Bb7 8. c3
h6 9. Bh4 Nbd7 10. Qc2 c5 11. Ne5 Nxe5 12. dxe5 Ng4 13. Bg3 Bh4 14. Bf4 g5 15.
f3 gxf4 16. fxg4 fxe3 17. Nf3 Bf2+ 18. Rxf2 exf2+ 19. Qxf2 Qe7 20. g5 hxg5 21.
Qg3 f6 22. exf6 Rxf6 23. Nxg5 Qg7 24. Re1 Re8 25. Re5 c4 26. Bc2 Ref8 27. h3
Bc8 28. Qe3 Kh8 29. Nxe6 Bxe6 30. Rxe6 Rxe6 31. Qxe6 Qg5 32. Ba4 Kg7 33. Bc6
Qc1+ 34. Kh2 Qf4+ 35. Kg1 Qc1+ 36. Kh2 Qf4+ 37. Kg1 d4 38. Qxc4 Qe3+ 39. Kh2 d3
40. Qg4+ Kf6 41. Bf3 d2 42. Qh4+ Qg5 43. Qf2 Rd8 44. Bg4+ Kg7 45. Qg1 Qxg4 0-1

[Event "Ct. Girona indiv. Absolut"]
[Site "Sant Gregori/Girona/Blanes"]
[Date "2014.11.02"]
[Round "5"]
[White "Mogro Flores, S."]
[Black "Otones Lopez, A."]
[Result "0-1"]
[WhiteElo "2159"]
[BlackElo "1981"]
[PlyCount "98"]
[EventDate "2014.??.??"]
[EventType "swiss"]
[EventRounds "9"]
[EventCountry "ESP"]

1. e4 e6 2. Nf3 d5 3. Nc3 d4 4. Ne2 c5 5. d3 Nc6 6. g3 e5 7. Bg2 f6 8. a3 Be6
9. Nd2 Qd7 10. Ng1 Bd6 11. Nf1 Nge7 12. f4 f5 13. Nf3 fxe4 14. dxe4 g6 15. fxe5
Nxe5 16. Bf4 Nxf3+ 17. Bxf3 Qc7 18. Bd2 Bh3 19. Qe2 Bd7 20. O-O-O O-O-O 21. Bg5
Rde8 22. Bf6 Rhf8 23. Bxe7 Bxe7 24. Kb1 Bc6 25. Nd2 Kb8 26. Rhe1 Bg5 27. Bg2
Be3 28. Rf1 a6 29. Nc4 Rxf1 30. Rxf1 Bxe4 31. Bxe4 Rxe4 32. Qd3 Re7 33. Rf8+
Ka7 34. b3 Bh6 35. Rf1 b5 36. Nb2 Qe5 37. Qf3 Qe2 38. Qf6 Bg7 39. Qf4 c4 40.
Qf2 Qe5 41. bxc4 bxc4 42. c3 Rb7 43. Ka1 Qe3 44. cxd4 Qxa3+ 45. Kb1 Qd3+ 46.
Ka2 Rxb2+ 47. Qxb2 Qxf1 48. Qb4 Qe2+ 49. Ka3 Bxd4 0-1

[Event "Ct. Girona indiv. Absolut"]
[Site "Sant Gregori/Girona/Blanes"]
[Date "2014.11.02"]
[Round "5"]
[White "Ramirez Garcia, L."]
[Black "Caballero Maytin, J."]
[Result "0-1"]
[WhiteElo "1931"]
[BlackElo "2148"]
[PlyCount "122"]
[EventDate "2014.??.??"]
[EventType "swiss"]
[EventRounds "9"]
[EventCountry "ESP"]

1. e4 d5 2. exd5 Nf6 3. d4 Bf5 4. Bb5+ Nbd7 5. Nf3 a6 6. Bd3 Bg4 7. h3 Bh5 8.
c4 c5 9. dxc6 bxc6 10. O-O e6 11. Be2 Qc7 12. Be3 Be7 13. Nc3 O-O 14. Qd2 Bb4
15. Qc2 Bxc3 16. bxc3 h6 17. Rfe1 Ne8 18. Nd2 Bxe2 19. Rxe2 f5 20. f4 Nef6 21.
Nf3 Nh5 22. Ne5 Nxe5 23. dxe5 Ng3 24. Rd2 Ne4 25. Rd4 c5 26. Rd3 g5 27. Rad1
Qa5 28. fxg5 hxg5 29. Rd7 Qxc3 30. Qxc3 Nxc3 31. R1d6 Rfe8 32. Rc6 Ne4 33. Rcc7
f4 34. Bxc5 Nxc5 35. Rxc5 Rac8 36. Rcc7 Rxc7 37. Rxc7 Rb8 38. Rc6 Kf7 39. Rxa6
Rc8 40. Ra4 Rc5 41. Ra7+ Kg6 42. Ra6 Kf5 43. a4 Kxe5 44. a5 Rxc4 45. Ra8 Rc1+
46. Kf2 Rc2+ 47. Kf3 Rc3+ 48. Kf2 Rc2+ 49. Kf3 Rc3+ 50. Kf2 Ra3 51. a6 Ke4 52.
a7 Ra2+ 53. Kg1 e5 54. Rg8 Rxa7 55. Rxg5 Ra1+ 56. Kf2 Ra2+ 57. Kg1 Kd4 58. Rg8
e4 59. Rd8+ Ke3 60. Rb8 Ra1+ 61. Kh2 Rd1 0-1

[Event "Ct. Girona indiv. Absolut"]
[Site "Sant Gregori/Girona/Blanes"]
[Date "2014.11.02"]
[Round "5"]
[White "Serra Canals, O."]
[Black "Bonavia Heredia, F."]
[Result "1-0"]
[WhiteElo "2168"]
[BlackElo "1958"]
[PlyCount "79"]
[EventDate "2014.??.??"]
[EventType "swiss"]
[EventRounds "9"]
[EventCountry "ESP"]

1. d4 d5 2. c4 e6 3. Nf3 Nf6 4. Nc3 Be7 5. Bg5 O-O 6. e3 b6 7. cxd5 Nxd5 8.
Bxe7 Nxe7 9. Bd3 Bb7 10. Bxh7+ Kxh7 11. Ng5+ Kh6 12. Qg4 Nf5 13. h4 Qd6 14. Ne2
Nxe3 15. fxe3 f5 16. Qh3 Qb4+ 17. Kf2 Bd5 18. Qg3 Nd7 19. h5 Nf6 20. Kg1 Qxb2
21. Re1 Ng4 22. Qf4 Qb4 23. Rc1 c6 24. Rf1 Qa3 25. Rh3 Qd3 26. e4 Qxe2 27. exd5
cxd5 28. Nxe6+ Kh7 29. Nxf8+ Rxf8 30. Qd6 Rf6 31. Qxd5 Ne3 32. Qf3 Qxf3 33.
Rfxf3 f4 34. Rh4 Nd5 35. Rg4 Kh6 36. Kf2 Rf7 37. g3 Kxh5 38. Rh4+ Kg5 39. Rh3
fxg3+ 40. Rhxg3+ 1-0

[Event "Ct. Girona indiv. Absolut"]
[Site "Sant Gregori/Girona/Blanes"]
[Date "2014.11.02"]
[Round "5"]
[White "Vidal Palou, J."]
[Black "De Rodriguez Fernandez, B."]
[Result "1-0"]
[WhiteElo "1934"]
[BlackElo "1874"]
[PlyCount "97"]
[EventDate "2014.??.??"]
[EventType "swiss"]
[EventRounds "9"]
[EventCountry "ESP"]

1. e4 e5 2. Bc4 Nc6 3. Nf3 Bc5 4. c3 Nf6 5. d3 h6 6. b4 Bb6 7. O-O d6 8. a4 a6
9. Qb3 O-O 10. Be3 Qe7 11. Nbd2 Be6 12. Bxe6 Qxe6 13. Qxe6 fxe6 14. Bxb6 cxb6
15. Nc4 Rad8 16. Nxb6 d5 17. exd5 exd5 18. b5 e4 19. dxe4 dxe4 20. bxc6 exf3
21. cxb7 fxg2 22. Kxg2 Rb8 23. Rac1 Rxb7 24. a5 Rc7 25. f3 Rc5 26. c4 Rd8 27.
Ra1 Rg5+ 28. Kh3 Rd2 29. Nd5 Nxd5 30. cxd5 Rdxd5 31. Rf2 Rxa5 32. Rfa2 Rxa2 33.
Rxa2 a5 34. Ra4 Kf7 35. f4 Rb5 36. Kg3 Ke6 37. h4 g6 38. Re4+ Kd5 39. Re5+ Kc4
40. h5 Rxe5 41. fxe5 gxh5 42. e6 a4 43. e7 a3 44. e8=Q h4+ 45. Kxh4 Kb3 46. Qe1
Kb2 47. Qd2+ Kb1 48. Qb4+ Ka1 49. Kh5 1-0

[Event "Ct. Girona indiv. Absolut"]
[Site "Sant Gregori/Girona/Blanes"]
[Date "2014.11.02"]
[Round "5"]
[White "Vidal Zamora, A."]
[Black "Domenech Plana, J."]
[Result "1-0"]
[WhiteElo "2391"]
[BlackElo "2315"]
[PlyCount "55"]
[EventDate "2014.??.??"]
[EventType "swiss"]
[EventRounds "9"]
[EventCountry "ESP"]

1. e4 e5 2. Nf3 Nc6 3. Bb5 Nd4 4. Nxd4 exd4 5. O-O c6 6. Bc4 Nf6 7. Qe2 d6 8.
Qd3 b5 9. Bb3 Qb6 10. a4 Be7 11. axb5 cxb5 12. c3 Bb7 13. Re1 Rc8 14. Na3 dxc3
15. dxc3 a6 16. Nc2 Nd7 17. Qg3 O-O 18. Nd4 Bf6 19. Nf5 Ne5 20. Be3 Qc7 21. Bd4
Kh8 22. f4 Ng6 23. e5 dxe5 24. fxe5 Be7 25. h4 Qc6 26. e6 Bf6 27. h5 fxe6 28.
Rxe6 1-0

[Event "Ct. Girona indiv. Absolut"]
[Site "Sant Gregori/Girona/Blanes"]
[Date "2014.11.02"]
[Round "5"]
[White "Zamora Alarcon, J."]
[Black "Campo Echevarria, JF."]
[Result "0-1"]
[WhiteElo "1987"]
[BlackElo "2171"]
[PlyCount "63"]
[EventDate "2014.??.??"]
[EventType "swiss"]
[EventRounds "9"]
[EventCountry "ESP"]

1. e4 d6 2. d4 g6 3. f4 Bg7 4. Nf3 Nf6 5. Bd3 O-O 6. O-O Bg4 7. Be3 Nc6 8. c3
e5 9. d5 exf4 10. Bxf4 Ne5 11. Bxe5 dxe5 12. h3 Bxf3 13. Rxf3 Nh5 14. g3 Qg5
15. Kh2 Bh6 16. b3 Rae8 17. a4 f5 18. Ra2 fxe4 19. Bxe4 Rxf3 20. Qxf3 Rf8 21.
Qg2 Qc1 22. Rf2 Rxf2 23. Qxf2 Be3 24. Qg2 Qe1 25. h4 Bf2 26. Qh1 Bxg3+ 27. Kh3
Nf4+ 28. Kg4 h5+ 29. Kg5 Bxh4+ 30. Kh6 Qg3 31. Qxh4 Qxh4 32. Bxg6 0-1

[Event "Ct. Girona indiv. Absolut"]
[Site "Sant Gregori/Girona/Blanes"]
[Date "2014.11.09"]
[Round "6"]
[White "Alejo Alvarez, R."]
[Black "Balague Camps, M."]
[Result "0-1"]
[WhiteElo "2124"]
[BlackElo "2207"]
[PlyCount "79"]
[EventDate "2014.??.??"]
[EventType "swiss"]
[EventRounds "9"]
[EventCountry "ESP"]

1. b3 e5 2. Bb2 Nc6 3. e3 Nf6 4. c4 Bd6 5. Nc3 O-O 6. d3 Re8 7. Nf3 b6 8. a3
Bb7 9. Qc2 Bf8 10. Be2 d5 11. cxd5 Nxd5 12. O-O Rc8 13. Nd2 Nd4 14. exd4 Nxc3
15. Bf3 Bxf3 16. Nxf3 exd4 17. Nxd4 Qxd4 18. Bxc3 Qg4 19. Rfe1 Rxe1+ 20. Rxe1
Qd7 21. Bb2 h6 22. Kf1 c5 23. Re3 Rd8 24. Rg3 Qe6 25. Qc3 Rd4 26. Re3 Qd7 27.
Qc2 Rd5 28. Qc3 Qg4 29. Qe1 Rg5 30. Rg3 Qd7 31. Rf3 Rg6 32. Qc3 Qg4 33. Rg3
Qd1+ 34. Qe1 Qxb3 35. Qc3 Qd1+ 36. Qe1 Qc2 37. Qc3 Qxc3 38. Bxc3 Rxg3 39. hxg3
f5 40. a4 0-1

[Event "Ct. Girona indiv. Absolut"]
[Site "Sant Gregori/Girona/Blanes"]
[Date "2014.11.09"]
[Round "6"]
[White "Aymerich Verdaguer, E."]
[Black "Vidal Zamora, A."]
[Result "0-1"]
[WhiteElo "2242"]
[BlackElo "2391"]
[PlyCount "58"]
[EventDate "2014.??.??"]
[EventType "swiss"]
[EventRounds "9"]
[EventCountry "ESP"]

1. d4 d5 2. c4 c6 3. Nf3 Nf6 4. Nc3 dxc4 5. a4 Bf5 6. Ne5 e6 7. Nxc4 Bb4 8. Qb3
a5 9. e3 Na6 10. Be2 c5 11. O-O cxd4 12. exd4 O-O 13. Rd1 Qc7 14. Nb5 Qe7 15.
Bg5 Rad8 16. Bf3 h6 17. Bxf6 gxf6 18. Qe3 Kg7 19. Qf4 Bg6 20. Rac1 Rfe8 21. h4
e5 22. Qg3 e4 23. Be2 Kh8 24. h5 Bh7 25. Qf4 Rg8 26. Ne3 Rg5 27. Rc2 Kg7 28.
Rdc1 Qe6 29. Kh2 Rxb5 0-1

[Event "Ct. Girona indiv. Absolut"]
[Site "Sant Gregori/Girona/Blanes"]
[Date "2014.11.09"]
[Round "6"]
[White "Badosa Romanyo, A."]
[Black "Alabert Vidal, M."]
[Result "1-0"]
[WhiteElo "2000"]
[BlackElo "1964"]
[PlyCount "101"]
[EventDate "2014.??.??"]
[EventType "swiss"]
[EventRounds "9"]
[EventCountry "ESP"]

1. d4 d5 2. c4 e6 3. Nc3 Nf6 4. Bg5 Be7 5. e3 Nbd7 6. Nf3 O-O 7. cxd5 exd5 8.
Be2 c6 9. a3 Ne8 10. Bxe7 Qxe7 11. b4 a6 12. O-O Nd6 13. Na4 Ne4 14. Qc2 f5 15.
Nc5 Ndxc5 16. bxc5 f4 17. Bd3 fxe3 18. fxe3 Bf5 19. Rae1 Rae8 20. Ne5 Qg5 21.
Rf4 h5 22. Ref1 h4 23. Nf3 Qh6 24. Nxh4 Bh7 25. Bxe4 Bxe4 26. Rxf8+ Rxf8 27.
Rxf8+ Kxf8 28. Qf2+ Kg8 29. Qf4 Qh5 30. Nf3 Qg6 31. Ng5 Qe8 32. Nxe4 dxe4 33.
h3 a5 34. Qc7 Qh5 35. Qxb7 Qd1+ 36. Kh2 Qd3 37. Qxc6 Qxe3 38. Qe8+ Kh7 39. Qh5+
Kg8 40. Qe5 Qxa3 41. Qxe4 Qb4 42. Qe5 Qc3 43. c6 Qxc6 44. Qxa5 Kf7 45. Qe5 Qd7
46. d5 Kf8 47. d6 Kf7 48. g4 Qa7 49. Qf5+ Ke8 50. Qe6+ Kf8 51. Qc8+ 1-0

[Event "Ct. Girona indiv. Absolut"]
[Site "Sant Gregori/Girona/Blanes"]
[Date "2014.11.09"]
[Round "6"]
[White "Bonavia Heredia, F."]
[Black "Mogro Flores, S."]
[Result "1/2-1/2"]
[WhiteElo "1958"]
[BlackElo "2159"]
[PlyCount "111"]
[EventDate "2014.??.??"]
[EventType "swiss"]
[EventRounds "9"]
[EventCountry "ESP"]

1. d4 e6 2. Nf3 Nf6 3. g3 c5 4. c3 d5 5. Bg2 cxd4 6. cxd4 Bb4+ 7. Bd2 Bxd2+ 8.
Nbxd2 O-O 9. O-O Nc6 10. Re1 Qb6 11. Nb3 Bd7 12. Rb1 Rfc8 13. Nc5 Nxd4 14. Nxd7
Nxf3+ 15. Bxf3 Nxd7 16. Qd2 Ne5 17. Qe3 Qxe3 18. fxe3 Rc2 19. e4 d4 20. Red1
Rd8 21. Rbc1 Rxc1 22. Rxc1 d3 23. b3 g6 24. Kf2 d2 25. Rd1 h5 26. h3 b6 27. Ke3
f6 28. Rxd2 Rc8 29. g4 hxg4 30. Bxg4 Rc3+ 31. Kf2 Kf7 32. Bf3 Ke7 33. Bg2 Nf7
34. Rd4 e5 35. Rd2 Ng5 36. h4 Ne6 37. e3 Nc5 38. Kf3 a5 39. Ke2 b5 40. Bf3 b4
41. Bg2 a4 42. bxa4 Nxa4 43. Rd3 Rc2+ 44. Rd2 Nc3+ 45. Kd3 Rxd2+ 46. Kxd2 Nxa2
47. Bf1 Nc3 48. Bd3 Kf7 49. Kc2 Kg7 50. Kb3 Nd1 51. Be2 Nxe3 52. Bf3 f5 53.
Kxb4 Kf6 54. exf5 gxf5 55. Kc3 e4 56. Bxe4 1/2-1/2

[Event "Ct. Girona indiv. Absolut"]
[Site "Sant Gregori/Girona/Blanes"]
[Date "2014.11.09"]
[Round "6"]
[White "Caballero Maytin, J."]
[Black "Diaz Muñoz, S."]
[Result "1-0"]
[WhiteElo "2148"]
[BlackElo "2172"]
[PlyCount "44"]
[EventDate "2014.??.??"]
[EventType "swiss"]
[EventRounds "9"]
[EventCountry "ESP"]

1. e4 c5 2. Nf3 e6 3. d4 cxd4 4. Nxd4 Nc6 5. Nc3 Qc7 6. Be3 a6 7. Be2 Nf6 8.
O-O Be7 9. f4 d6 10. a4 Bd7 11. Bf3 Nxd4 12. Bxd4 Bc6 13. a5 O-O 14. Qe2 Nd7
15. Rfe1 Bf6 16. Bxf6 gxf6 17. Nd1 b5 18. b4 Qb7 19. Nf2 d5 20. exd5 Bxd5 21.
Bxd5 Qxd5 22. Rad1 Qb7 1-0

[Event "Ct. Girona indiv. Absolut"]
[Site "Sant Gregori/Girona/Blanes"]
[Date "2014.11.09"]
[Round "6"]
[White "Campo Echevarria, JF."]
[Black "Molina Carretero, D."]
[Result "1-0"]
[WhiteElo "2171"]
[BlackElo "2217"]
[PlyCount "60"]
[EventDate "2014.??.??"]
[EventType "swiss"]
[EventRounds "9"]
[EventCountry "ESP"]

1. d4 Nf6 2. Bg5 e6 3. e4 h6 4. Bxf6 Qxf6 5. Nc3 Bb4 6. Qd2 c5 7. e5 Qe7 8. a3
Ba5 9. b4 cxd4 10. Nb5 Bb6 11. Nd6+ Kd8 12. Nf3 Nc6 13. Bb5 f6 14. Bxc6 bxc6
15. Nxd4 fxe5 16. N6f5 exd4 17. Nxe7 Kxe7 18. O-O-O Rf8 19. f4 a5 20. c3 axb4
21. axb4 Ba6 22. Kb2 Bc4 23. Ra1 d3 24. Rhf1 d5 25. g3 Kd7 26. Rxa8 Rxa8 27.
Ra1 Rf8 28. Qe1 Rf5 29. Ra8 g5 30. Rh8 Bc7 1-0

[Event "Ct. Girona indiv. Absolut"]
[Site "Sant Gregori/Girona/Blanes"]
[Date "2014.11.09"]
[Round "6"]
[White "Domenech Plana, J."]
[Black "Pinsach Gelabert, A."]
[Result "0-1"]
[WhiteElo "2315"]
[BlackElo "2302"]
[PlyCount "70"]
[EventDate "2014.??.??"]
[EventType "swiss"]
[EventRounds "9"]
[EventCountry "ESP"]

1. e4 e5 2. Nf3 Nc6 3. Bc4 Nf6 4. O-O Nxe4 5. Nc3 Nxc3 6. dxc3 Be7 7. Qd5 O-O
8. Nxe5 Nxe5 9. Qxe5 Bf6 10. Qg3 d5 11. Bd3 c5 12. Be3 b6 13. Rad1 Qe8 14. Rfe1
Qa4 15. c4 Be6 16. cxd5 Bxd5 17. Bxh7+ Kxh7 18. Rxd5 Qxc2 19. Rd2 Qf5 20. Qc7
Be5 21. Qb7 Rad8 22. Rde2 Rd7 23. Qa6 Bf6 24. Qa4 Rfd8 25. h3 Re7 26. g4 Qf3
27. Qf4 Qxh3 28. Bd2 Rd4 29. Re4 Be5 30. R1e3 Qh4 31. Qf3 Qh2+ 32. Kf1 Rxd2 33.
g5 Rxb2 34. Qf5+ g6 35. Rh3+ Kg7 0-1

[Event "Ct. Girona indiv. Absolut"]
[Site "Sant Gregori/Girona/Blanes"]
[Date "2014.11.09"]
[Round "6"]
[White "Gonzalez Escudero, J."]
[Black "Rovira Vila, J."]
[Result "1-0"]
[WhiteElo "1992"]
[BlackElo "1949"]
[PlyCount "49"]
[EventDate "2014.??.??"]
[EventType "swiss"]
[EventRounds "9"]
[EventCountry "ESP"]

1. e4 c5 2. Nf3 g6 3. d4 cxd4 4. c3 Bg7 5. Bc4 dxc3 6. Nxc3 h6 7. O-O Nc6 8. e5
Nxe5 9. Nxe5 Bxe5 10. Qd5 Bxh2+ 11. Kxh2 e6 12. Qd4 Rh7 13. Kg1 h5 14. Ne4 d5
15. Bb5+ Bd7 16. Bg5 Qb8 17. Bxd7+ Kxd7 18. Nc5+ Ke8 19. Rfe1 b6 20. Nxe6 fxe6
21. Rxe6+ Kf8 22. Qxd5 Qb7 23. Bh6+ Nxh6 24. Rf6+ Rf7 25. Qxb7 1-0

[Event "Ct. Girona indiv. Absolut"]
[Site "Sant Gregori/Girona/Blanes"]
[Date "2014.11.09"]
[Round "6"]
[White "Kripanov, A."]
[Black "Alarcon Pages, S."]
[Result "1-0"]
[WhiteElo "1992"]
[BlackElo "1947"]
[PlyCount "71"]
[EventDate "2014.??.??"]
[EventType "swiss"]
[EventRounds "9"]
[EventCountry "ESP"]

1. b3 d5 2. Bb2 c5 3. e3 Nc6 4. Nf3 Nf6 5. h3 e6 6. c4 Be7 7. cxd5 exd5 8. d4
Ne4 9. Bd3 Qa5+ 10. Ke2 Bf6 11. Qe1 Qb6 12. dxc5 Nxc5 13. Bxf6 Nxd3 14. Qc3
gxf6 15. Qxd3 Nb4 16. Qd2 Qb5+ 17. Kd1 Be6 18. Nd4 Qc5 19. Nc3 Rc8 20. Rc1 a6
21. Nce2 Qe7 22. Rxc8+ Bxc8 23. Nf4 O-O 24. Ke2 Be6 25. Rc1 Qd6 26. Kf1 Nc6 27.
Nxc6 bxc6 28. Qa5 Bc8 29. Qc3 Bd7 30. Nh5 Rc8 31. Nxf6+ Kf8 32. Nxh7+ Ke7 33.
f4 f6 34. g4 Rg8 35. Kf2 Rg7 36. Qd3 1-0

[Event "Ct. Girona indiv. Absolut"]
[Site "Sant Gregori/Girona/Blanes"]
[Date "2014.11.09"]
[Round "6"]
[White "Mestres Ramon, P."]
[Black "Alejo Alvarez, MA."]
[Result "1-0"]
[WhiteElo "2000"]
[BlackElo "1956"]
[PlyCount "81"]
[EventDate "2014.??.??"]
[EventType "swiss"]
[EventRounds "9"]
[EventCountry "ESP"]

1. e4 e5 2. Nf3 Nc6 3. Nc3 Nf6 4. d4 exd4 5. Nxd4 d6 6. Be3 Be7 7. f3 Bd7 8.
Bc4 a6 9. Qd2 b5 10. Nxc6 Bxc6 11. Bb3 O-O 12. O-O a5 13. a4 b4 14. Ne2 Bb7 15.
Nd4 c5 16. Nf5 Rc8 17. Bc4 Qc7 18. Rad1 Rcd8 19. Bf4 Ne8 20. Nxe7+ Qxe7 21. Bg5
Nf6 22. Qf4 Bc6 23. b3 Qe5 24. Qh4 Rd7 25. Bxf6 gxf6 26. Bd5 Rc7 27. Bxc6 Rxc6
28. Rd5 Qc3 29. Qh6 f5 30. Rxf5 f6 31. Rh5 Rc7 32. Qf4 Rg7 33. Qxd6 Qxc2 34.
Qd5+ Kh8 35. g3 Rfg8 36. Rf2 Qc1+ 37. Kg2 Qc3 38. Qxc5 Qxb3 39. Qxa5 Rc8 40.
Rb5 Qd3 41. Rxb4 1-0

[Event "Ct. Girona indiv. Absolut"]
[Site "Sant Gregori/Girona/Blanes"]
[Date "2014.11.09"]
[Round "6"]
[White "Ramirez Garcia, L."]
[Black "Zamora Alarcon, J."]
[Result "1-0"]
[WhiteElo "1931"]
[BlackElo "1987"]
[PlyCount "71"]
[EventDate "2014.??.??"]
[EventType "swiss"]
[EventRounds "9"]
[EventCountry "ESP"]

1. e4 e5 2. Nf3 Nc6 3. Bb5 d6 4. d4 Bd7 5. dxe5 dxe5 6. O-O Bd6 7. Nbd2 a6 8.
Be2 Nf6 9. h3 O-O 10. a3 Qe7 11. Bd3 h6 12. b4 Na7 13. Nc4 b5 14. Nxd6 Qxd6 15.
Be3 Rfd8 16. Nd2 Nc6 17. Nb3 Be8 18. Bc5 Qe6 19. Qe2 Nd7 20. Rfd1 Nxc5 21. Nxc5
Qg6 22. Qe3 Nd4 23. Kh2 Ne6 24. Bf1 Qf6 25. Nxe6 Rxd1 26. Rxd1 Qxe6 27. Qc5 Bd7
28. f3 Qc6 29. Rd5 Re8 30. Qxc6 Bxc6 31. Rc5 Re6 32. c4 Bb7 33. Rxc7 bxc4 34.
Bxc4 Rc6 35. Bxf7+ Kf8 36. Rxb7 1-0

[Event "Ct. Girona indiv. Absolut"]
[Site "Sant Gregori/Girona/Blanes"]
[Date "2014.11.09"]
[Round "6"]
[White "Rodriguez Navarro, I."]
[Black "Serra Canals, O."]
[Result "0-1"]
[WhiteElo "1878"]
[BlackElo "2168"]
[PlyCount "84"]
[EventDate "2014.??.??"]
[EventType "swiss"]
[EventRounds "9"]
[EventCountry "ESP"]

1. e4 e6 2. d4 d5 3. exd5 exd5 4. Nf3 Bd6 5. Bd3 Ne7 6. c3 Bf5 7. O-O O-O 8.
Bxf5 Nxf5 9. Qb3 b6 10. Bg5 Qd7 11. Na3 c6 12. Nc2 Na6 13. Ne3 Nc7 14. Qc2 Nxe3
15. Bxe3 f5 16. g3 f4 17. Bc1 Qg4 18. Kg2 Rf6 19. h3 Qh5 20. g4 Rg6 21. Qd3 Ne8
22. Nh2 Nf6 23. Qf3 Ne4 24. Rh1 Qh4 25. Kf1 Re8 26. Qg2 Rge6 27. Nf3 Qf6 28. g5
Qf7 29. Rg1 Ng3+ 30. fxg3 Re1+ 31. Nxe1 fxg3+ 32. Nf3 Qf5 33. Rh1 Qd3+ 34. Kg1
Re2 35. Qf1 g2 36. Qxg2 Rxg2+ 37. Kxg2 Qe2+ 38. Kg1 Bg3 39. Rh2 Qxf3 40. Bd2
Bxh2+ 41. Kxh2 Qf2+ 42. Kh1 Qxd2 0-1

[Event "Ct. Girona indiv. Absolut"]
[Site "Sant Gregori/Girona/Blanes"]
[Date "2014.11.09"]
[Round "6"]
[White "Salagran Ferragut, G."]
[Black "Granados Aguilera, C."]
[Result "1-0"]
[WhiteElo "2168"]
[BlackElo "2038"]
[PlyCount "23"]
[EventDate "2014.??.??"]
[EventType "swiss"]
[EventRounds "9"]
[EventCountry "ESP"]

1. e4 h6 2. d4 c5 3. Nf3 Nf6 4. e5 Nd5 5. c4 Nc7 6. d5 d6 7. Bd3 Bg4 8. e6 fxe6
9. Bg6+ Kd7 10. Ne5+ dxe5 11. Qxg4 Nba6 12. O-O 1-0

[Event "Ct. Girona indiv. Absolut"]
[Site "Sant Gregori/Girona/Blanes"]
[Date "2014.11.09"]
[Round "6"]
[White "Vilar Lopez, M."]
[Black "Vidal Palou, J."]
[Result "1-0"]
[WhiteElo "2220"]
[BlackElo "1934"]
[PlyCount "31"]
[EventDate "2014.??.??"]
[EventType "swiss"]
[EventRounds "9"]
[EventCountry "ESP"]

1. e4 c5 2. g3 Nc6 3. Bg2 e5 4. d3 f5 5. Nc3 Nf6 6. f4 d6 7. Nf3 fxe4 8. dxe4
Nd4 9. f5 Be7 10. O-O Bd7 11. Bg5 Ng8 12. Nxd4 Bxg5 13. Qh5+ g6 14. fxg6 Be3+
15. Kh1 Nf6 16. g7+ 1-0